000 00585nam 22001813 4500
001 200008
090 _a200008
100 _a20260119d u||y0pory50 ba
200 _aNotícia explicativa da folha 36-C : Arraiolos
_f António Carvalhosa
210 _aLisboa
_cInstituto Geológico e Mineiro
_d1999
215 _a52 p.
_cbrochado
_d24 cm
_emapa desdobrável
225 _aCarta geológica de Portugal
606 _915715
_aCiências da terra. Ciências geológicas
675 _a55
_vPT
_zpor
700 _915787
_aCarvalhosa
_bAntónio
801 _aPT
_bBMMN
_gRPC
830 _cVanda
990 _cLIVROS